000 00804nam a22002177a 4500
005 20170124110116.0
010 _aA-707208
020 _c00.00
_a8185427461
035 _aA-707208
037 _bCen Lib/Ret
040 _aDPL
_bEN
082 _a947.0842
_bBET
100 _aBettelheim, Charles
_930044
245 _aClass struggles in the USSR :
_cby Charles Bettelheim ; translated by J. N. Westwood
_bthird period : 1930-1941, part one : the dominated /
260 _aMadras
_bT. R. Publications
_c1994
270 _a57, South Usman Road, PMG Complex (II Floor), T. Nagar
_bMadras
_e600017
300 _axxvi, 301p.
_c21cm(Hb)
650 _aSoviet Union -- Politics and government
_930045
650 _aSoviet Union -- Social conditions
_930046
942 _2ddc
_cEN
_h947.0842
_mBET
999 _c130761
_d130761